| 000 | 01315pam a2200325 a 4500 | ||
|---|---|---|---|
| 001 | 2126212 | ||
| 003 | NUST-PNEC | ||
| 005 | 20170116180708.0 | ||
| 008 | 970813s1998 nyua bf 001 0 eng | ||
| 010 | _a 97034589 | ||
| 020 | _a0070655294 | ||
| 040 | _cPNEC | ||
| 050 | 0 | 0 |
_aTA332 _b.T85 1998 |
| 082 | 0 | 0 |
_a515.15 TUM _221 |
| 100 | 1 | _aTuma, Jan J. | |
| 245 | 1 | 0 |
_aEngineering mathematics handbook / _cJan J. Tuma, Ronald A. Walsh. |
| 250 | _a4th ed. | ||
| 260 |
_aNew York : _bMcGraw-Hill, _cc1998. |
||
| 300 |
_aix, 566 p. : _bill. ; _c26 cm. |
||
| 500 | _aIncludes Index http://www.amazon.com/s/ref=nb_sb_noss?url=search-alias%3Dstripbooks&field-keywords=0702817325 | ||
| 504 | _aIncludes bibliographical references (p. [549]-554) and index. | ||
| 650 | 0 |
_aEngineering mathematics _xME |
|
| 700 | 1 | _aWalsh, Ronald A. | |
| 856 | 4 | 2 |
_3Contributor biographical information _uhttp://www.loc.gov/catdir/bios/mh041/97034589.html |
| 856 | 4 | 2 |
_3Publisher description _uhttp://www.loc.gov/catdir/description/mh023/97034589.html |
| 856 | 4 | 1 |
_3Table of contents _uhttp://www.loc.gov/catdir/toc/mh022/97034589.html |
| 906 |
_a7 _bcbc _corignew _d1 _eocip _f19 _gy-gencatlg |
||
| 942 |
_2ddc _cBK |
||
| 999 |
_c60833 _d60833 |
||